000 05036cam a22018734i 4500
003 PE-LiUPU
005 20250813165332.0
008 150529s2014 sp a r 001 0 spa d
020 _a8445426753
020 _a9788445426753
035 _a(Sirsi) i9788445426753
040 _aPE-LiUPU
_bspa
_cPE-LiUPU
_erda
049 _aPRUA
082 0 4 _a658.15
_bT76
100 1 _aTovar Jiménez, José,
_eautor.
245 1 0 _aFinanzas y presupuestos :
_b(interpretación y elaboración) /
_cJosé Tovar Jiménez.
250 _aCuarta edición.
264 1 _aMadrid :
_bCentro de Estudios Financieros,
_c2014.
300 _a511 páginas :
_bilustraciones ;
_c24 centímetros
336 _atext
_2rdacontent
337 _aunmediated
_2rdamedia
338 _avolume
_2rdacarrier
504 _aÍndice : páginas 499-511.
505 0 _aPresentación -- Gestión presupuestaria -- Presupuesto de tesorería -- Análisis de costes para la toma de decisiones -- Balance de situación -- Cuenta de resultados -- Análisis de la situación financiera -- Productos de financiación -- Planificación financiera -- Análisis y selección de inversiones -- El plan de empresa -- Fundamentos financieros -- Productos de inversión -- Índice sistemático.
526 _aP203
526 _aP200
526 _aSEG65
526 _aSEG64
526 _aSEG63
526 _aSEG62
526 _aSEG61
526 _aSEG60
526 _aSEG59
526 _aSEG58
526 _aSEG57
526 _aSEG56
526 _aSEG55
526 _aSEG54
526 _aSEG53
526 _aSEG52
526 _aSEG51
526 _aSEG50
526 _aSEG49
526 _aSEG48
526 _aSEG47
526 _aSEG46
526 _aSEG24
526 _aSEG23
526 _aSEG22
526 _aSEG21
526 _aSEG20
526 _aSEG19
526 _aSEG18
526 _aSEG17
526 _aSEG16
526 _aSEG14
526 _aSEG13
526 _aSEG12
526 _aSEG11
526 _aSEG10
526 _aSEG09
526 _aSEG06
526 _aSEG05
526 _aSEG04
526 _aSEG03
526 _aSEG02
526 _aSEG68
526 _aSEG66
526 _aSEG45
526 _aSEG25
526 _aSEG01
526 _aP163
526 _aP162
526 _aP161
526 _aP160
526 _aP159
526 _aP158
526 _aP157
526 _aP156
526 _aP155
526 _aP154
526 _aP153
526 _aP152
526 _aP151
526 _aP150
526 _aP149
526 _aP142
526 _aP141
526 _aP140
526 _aP139
526 _aP138
526 _aP137
526 _aP132
526 _aP131
526 _aP130
526 _aP126
526 _aP125
526 _aP124
526 _aP123
526 _aP115
526 _aP122
526 _aP121
526 _aP116
526 _a P114
526 _aP112
526 _aP111
526 _aP104
526 _aP103
526 _aP102
526 _aP101
526 _aP100
526 _aP96
526 _aP95
526 _aP93
526 _aP92
526 _aP91
526 _aP88
526 _aP83
526 _aP82
526 _aP79
526 _aP78
526 _aP75
526 _aP74
526 _aP71
526 _aP69
526 _a P51
526 _aP49
526 _aP48
526 _aP47
526 _aP33
526 _aP31
526 _a P30
526 _aP29
526 _aP27
526 _aP26
526 _aP25
526 _aP24
526 _a P22
526 _aP10
526 _aP09
526 _a P08
526 _aP06
526 _aP05
526 _aP04
526 _aP01
541 _g001-003029;
541 _g001-040346;
650 0 4 _aContabilidad financiera.
_94736
650 0 4 _aContabilidad.
_9436
650 1 4 _aAnálisis financiero.
910 _ardg
_bjck
_crdg
_d20151126
942 _2ddc
_cBOOK
949 _a658.15 T76
_wDEWEY
_c1
_i72242
_lCCODEBUL1
_mBUL
_p82.35
_r0
_sY
_tBOOK
_u2015-11-26
_xFCE
_PP08
_0COMPRA
_o.CIRCNOTE. El documento es muy costoso.
_o.STAFF. Colección General
949 _a658.15 T76
_wDEWEY
_c2
_i72269
_lCCODEBUL1
_mBUL
_p76.72
_r0
_sY
_tBOOK
_u2016-1-7
_xFCE
_PP08
_0COMPRA
_o.CIRCNOTE. El documento es de alto precio
_o.STAFF. Colección General
994 _aC0
_bPEPRU
596 _a1
999 _a658.15 T76
_wDEWEY
_c8004
_i72242
_d8004
_e2022-6-16
_f2021-11-8
_g5
_lCCODEBUL1
_mBUL
_n1
_p82.35
_q2
_r0
_sY
_tBOOK
_u2015-11-26
_xFCE
_PP08
_0COMPRA
_o.CIRCNOTE. El documento es muy costoso.
_o.STAFF. Colección General
999 _a658.15 T76
_wDEWEY
_c2
_i72269
_d2018-8-31
_e2018-8-29
_f2021-11-8
_g5
_lCCODEBUL1
_mBUL
_n1
_p76.72
_q1
_r0
_sY
_tBOOK
_u2016-1-7
_xFCE
_PP08
_0COMPRA
_o.CIRCNOTE. El documento es de alto precio
_o.STAFF. Colección General
980 _81
_gALBERTO SANCHEZ Responsable de Automatización